|
|
|
|
| LEADER |
00000nas a2200000 i 4500 |
| 001 |
ssj0001508922 |
| 003 |
WaSeSS |
| 005 |
20200512172242.0 |
| 006 |
m d |
| 007 |
cr n |
| 008 |
140901c20149999sz ar p s 0 a0eng c |
| 010 |
|
|
|a 2017227129
|
| 022 |
|
|
|a 2197-1927
|l 2197-1927
|
| 035 |
|
|
|a (WaSeSS)ssj0001508922
|
| 040 |
|
|
|a NLGGC
|b eng
|e pn
|c NLGGC
|d DLC
|d DKU
|d OCLCO
|d OCLCF
|d OCLCO
|d LND
|d Z5A
|d CUS
|d FUG
|d CUS
|d OCL
|d DLC
|d CUS
|d OCL
|d NTG
|d WaSeSS
|
| 042 |
|
|
|a pcc
|
| 050 |
0 |
0 |
|a HB1.A2
|
| 084 |
|
|
|a 85.15
|2 bcl
|
| 210 |
0 |
|
|a Triple helix (Heidelb.)
|
| 222 |
|
0 |
|a Triple helix
|b (Heidelberg)
|
| 245 |
0 |
0 |
|a Triple helix
|h [electronic resource] :
|b a journal of university-industry-government innovation and entrepreneurship.
|
| 260 |
|
|
|a Heidelberg :
|b Springer,
|c 2014-
|
| 310 |
|
|
|a Annual
|
| 362 |
1 |
|
|a Began with Volume 1 (December 2014).
|
| 506 |
|
|
|a License restrictions may limit access.
|
| 520 |
0 |
|
|a The Triple Helix (open access) of university-industry-government relations is an internationally recognized model for understanding entrepreneurship, the changing dynamics of universities, innovation and socio-economic development. The aim of the journal is to publish research for an international audience covering analysis, theory, measurements and empirical inquiry in all aspects of university-industry-government interactions. The objective is to unite key research on the transformations of universities, capitalization of knowledge, translational research, spin-off activities, intellectual property, knowledge and technology transfer, as well as the international bases and dimensions of Triple Helix relations, their impacts, social, economic, political, cultural, health and environmental implications as they arise from and shape Triple Helix interactions.
|
| 588 |
|
|
|a Description based on: Volume 1 (December 2014); title from journal cover image on homepage (publisher's Web site, viewed August 1, 2017).
|
| 588 |
|
|
|a Latest issue consulted: Volume 4 (August 2017) (Springer Open, view August 8, 2017).
|
| 650 |
|
0 |
|a Economics
|v Periodicals.
|
| 650 |
|
7 |
|a Economics.
|2 fast
|0 (OCoLC)fst00902116
|
| 655 |
|
0 |
|a Electronic journals.
|
| 850 |
|
|
|a DLC
|
| 856 |
4 |
0 |
|z Full text available from Research Library: 09/01/2014 to present
|u https://search.proquest.com/publication/2034655
|